| 000 | 00836caa a22002295a 4500 | ||
|---|---|---|---|
| 001 | 006449904 | ||
| 003 | OSt | ||
| 005 | 20171220110003.0 | ||
| 008 | 981027s1995 sz fr o000 0 eng d | ||
| 020 | _a9280503561 | ||
| 040 |
_aUk _cUk _beng _dEG-ScBUE |
||
| 082 | 0 | 4 |
_222 _a341.7586026 _bPAT |
| 110 | 2 | _aWorld Intellectual Property Organization. | |
| 245 | 0 | 0 |
_aPatent Cooperation Treaty (PCT) : _bdone at Washington on June 19, 1970, amended on September 28, 1979, and modified on February 3, 1984 and Regulations under the PCT (as in force from January 1, 1994) |
| 260 |
_aGeneva : _bWorld Intellectual Property Organization, _c1995. |
||
| 300 |
_a178 p. ; _c18 cm. |
||
| 490 | 0 |
_aWIPO Publication ; _vno. 274 (E) |
|
| 650 | 7 |
_2BUEsh _aPatents (International law) |
|
| 651 | _2BUEsh | ||
| 653 |
_bGGEN _cDecember2017 |
||
| 942 | _2ddc | ||
| 999 |
_c25750 _d25722 |
||